| 000 | 00537nam a2200193Ia 4500 | ||
|---|---|---|---|
| 999 |
_c10027 _d10027 |
||
| 003 | OSt | ||
| 005 | 20191226141442.0 | ||
| 008 | 190216s9999||||xx |||||||||||||| ||und|| | ||
| 020 | _a8170365112 | ||
| 020 | _a0803992777 | ||
| 040 | _coclc | ||
| 082 |
_a330.156 _bSIN/K |
||
| 100 |
_aSingh, Narindar _9795 |
||
| 245 | 4 |
_aThe Keynesian Fallout / _cNarindar Singh |
|
| 260 |
_bSage Publications, _c1996. _aNew Delhi: |
||
| 300 | _a257p | ||
| 650 | _aEconomics | ||
| 942 |
_cBK _2ddc _h330.156 _iSIN/K _k330.156 _mSIN/K |
||